000
00318nam a2200109Ia 4500
008
200302s9999 xx 000 0 und d
100
_a
Joseph Sharples and Other
245
_a
Charles Reilly and the Liverpool School of Architecture 1904-1933
260
_b
Liverpool University Press
260
_c
1996
300
_a
180 P.,
999
_c
4119
_d
4119